00614 2200217 4500001002100000005001700021008004100038020002200079035002400101040001200125082001700137084001500154090001900169245007100188250001100259260003500270300002900305650002800334850001200362990002200374INLIS00000000002755620170522115844.0  a978-602-225-261-0 0010-051700000000266 aYOPDYOG 2[23]a808.83 a808.83 Kum aDEP 808.83 Kum aKUMPULAN Cerita di masjid hatiku terkaitc/ Nunu El Fasa...[et.al] aCet. 1 aYogyakartabLeutika prioc2012 axxiv, 169 hlm.c; 19 cm. aCerita PendekvKumpulan aYOPDYOG aCB-D.11/2012-2627